00713cam a2200217Ma 450000500170000000800410001702000180005802000150007603500210009104000500011204100080016210000180017024500610018826000680024930000360031750400530035365000180040665000210042465000200044565000300046520150605082803.0150605s2010 enka fr 001 0 eng d a9780199672998 a0199672997 a(OCoLC)812070100 aCO-BoUCMbspacJose A. GerenadJose A. Gerena0 aeng1 aLovett, Frank12aA general theory of domination and justicecFrank Lovett aOxford (Oxfordshire, Inglaterra)bOxford University pressc2013 ax, 273 páginasbilustraciones aIncluye referencias bibliográficas e índices 7aSociología  7aJusticia social  7aControl social  7aPoder xAspectos sociales